<?xml version="1.0" encoding="UTF-8"?>
<collection xmlns="http://www.loc.gov/MARC21/slim">
  <record>
    <leader>00000nam  2200000   4500</leader>
    <datafield tag="260" ind1="#" ind2="#">
      <subfield code="a"/>
      <subfield code="b"/>
      <subfield code="c"/>
    </datafield>
    <controlfield tag="csr">$a 9ebccf72c584a4ce1695c7adee7eef39</controlfield>
    <datafield tag="856" ind1="#" ind2="#">
      <subfield code="a">Perpustakaan Pusat LAN</subfield>
    </datafield>
    <datafield tag="740" ind1="#" ind2="#">
      <subfield code="a"/>
    </datafield>
    <datafield tag="700" ind1=" " ind2="#">
      <subfield code="a"/>
    </datafield>
    <datafield tag="650" ind1=" " ind2="#">
      <subfield code="a">Naskah kuno. manuskrip</subfield>
    </datafield>
    <datafield tag="520" ind1=" " ind2="#">
      <subfield code="a">Indonesia saat ini dalam darurat manuskrip dan khazanah keagamaan yang hampir&#13;
punah. Bahkan dalam hasil penelitian hampir 80% manuskrip Indonesia sangat&#13;
menghawatirkan dan rusak karena kelembaban, kelapukan, berdebu dan tintanya kabur.&#13;
Kerusakan dimaksud bisa juga karena bencana alam, salah penanganan dan salah&#13;
penyimpanan.&#13;
Manuskrip dan khazanah keagamaan di Indonesia berserakan di berbagai&#13;
lembaga. Lebih tragis lagi banyak manuskrip yang tersimpan pada perseorangan sebagai&#13;
ahli waris dan takut dibuka karena dianggap sakral. Ada juga manuskrip yang kemudian&#13;
dijual ke berbagai kolektor dari luar negeri karena menghasilkan keuntungan material.&#13;
Jika manuskrip dan khazanah keagamaan tidak segera dilakukan pelestarian,&#13;
akibatnya pemajuan kebudayaan Indonesia akan terdegradasi dan bahkan punah di&#13;
kemudian hari. Karena, manuskrip dan khazanah keagamaan termasuk ke dalam 10&#13;
program pemajuan kebudayaan Indonesia sesuai UU no 5 Tahun 2017 selain seni&#13;
budaya, ritus, tradisi lisan, olah raga tradisional dan pengetahuan yang tumbuh dari&#13;
kearifan lokal.&#13;
Dengan demikian digitalisasi, konservasi dan preservasi perlu dilakukan&#13;
secepatnya. Ide intervensi terhadap hal di atas, akan dilakukan kebijakan kolaboratif&#13;
dalam mewujudkan konservasi dan dgitalisasi terhadap beberapa manuskrip dan&#13;
khazanah keagamaan. Langkah kolaborasi dimaksud adalah melakuakan beberapa&#13;
kegiatan berupa sharing sumber, informasi, konservasi, preservasi dan digitalisasi baik&#13;
dengan BRIN, Perpusnas, Kemendikbud RI, ANRI, dan ormas-ormas keagamaan.</subfield>
    </datafield>
    <datafield tag="338" ind1="#" ind2="#">
      <subfield code="a"/>
    </datafield>
    <datafield tag="337" ind1="#" ind2="#">
      <subfield code="a"/>
    </datafield>
    <datafield tag="336" ind1="#" ind2="#">
      <subfield code="a"/>
    </datafield>
    <datafield tag="300" ind1="#" ind2="#">
      <subfield code="a">200</subfield>
      <subfield code="b">0</subfield>
      <subfield code="c">30 cm</subfield>
      <subfield code="e">0</subfield>
    </datafield>
    <controlfield tag="001">$a INLIS000000000020843</controlfield>
    <datafield tag="246" ind1="#" ind2="#">
      <subfield code="a"/>
    </datafield>
    <datafield tag="245" ind1="#" ind2="#">
      <subfield code="a">Kebijakan kolaboratif Mewujudkan Konservasi dan Digitalisasi Manuskrip SAn Khazanah Keagamaan Di INdonesia Melalui Sistem Layanan Terpadu</subfield>
      <subfield code="b"/>
      <subfield code="c">Moh Isom</subfield>
    </datafield>
    <datafield tag="100" ind1=" " ind2="#">
      <subfield code="a">Moh Isom</subfield>
    </datafield>
    <datafield tag="084" ind1="#" ind2="#">
      <subfield code="a">R 0064 PKN I 2024</subfield>
    </datafield>
    <datafield tag="082" ind1="#" ind2="#">
      <subfield code="a"/>
    </datafield>
    <datafield tag="035" ind1="#" ind2="#">
      <subfield code="a">0010-0326000006</subfield>
    </datafield>
    <datafield tag="020" ind1="#" ind2="#">
      <subfield code="a"/>
    </datafield>
    <controlfield tag="008">$a 260330###########################0######</controlfield>
    <controlfield tag="005">$a 20260330113234</controlfield>
  </record>
</collection>
